Projected costs of generating electricity update 1992

Saved in:
Bibliographic Details
Format: Book
Language:English
Published: Paris OECD 1993
Subjects:
Tags: Add Tag
No Tags, Be the first to tag this record!

MARC

LEADER 00000nam a2200000 4500
001 c005138
005 20221206075634.4
020 |a 92-64-14020-4 
041 0 |a eng 
044 |a FR 
245 1 0 |a Projected costs of generating electricity  |b update 1992 
264 1 |a Paris  |b OECD  |c 1993 
300 |a 192 s. 
610 2 0 |a OECD 
610 2 0 |a výroba energie 
610 2 0 |a elektrina 
610 2 0 |a energia tepelná 
610 2 0 |a energia atómová 
610 2 0 |a náklady 
610 2 0 |a náklady výrobné 
610 2 0 |a ceny 
610 2 0 |a údaje štatistické 
610 2 0 |a zdroje energetické